000 00906nam0a22002651 4500
001 rc\2725271
005 20250806210145.0
035 _a(NLR Aleph) 006852767
090 _a6823
_c6823
100 _a20110915d1943 u y0rusy50 ca
101 0 _arus
102 _aRU
105 _ay z |||a|
200 1 _aДомик в Черкизове
_eДрам. сцены из жизни моск. окраины
_fАлексей Арбузов
210 _aМосква
_cВсес. упр. по охране автор. прав
_d1943
215 _a58 с.
_d28 см.
300 _aСтеклогр. изд.
700 1 _aАрбузов
_bА.Н.
_f1908-1986
_gАлексей Николаевич
801 0 _aRU
_bNLR
_gpsbo
801 1 _aRU
_bELAR
_2rusmarc
852 _aNLR
_jЛ30 Г-8/72
942 _cBOOK
945 _aРоссийская национальная библиотека
980 _aNB
980 _aBV